Представление документа в формате RUSMARC

Поле Инд. ПП Название Значение
Тип записи a
Библиографический уровень a
001 Контрольный номер 3cf239b379aa476484d7d2932a6c60ea
005 Дата корректировки 20181120134556.5
100 a Данные общей обработки 20180904 ||| 0rusy0189 ca
101 0_ a Язык текста rus
102 a Страна публикации RU
200 1_ f Первые сведения об ответственности К.А. Пономарева
a Заглавие Акты наднационального права как основа правового режима налогообложения прибыли доходов в ЕС и ЕАЭС
210 d Дата издания 2018
461 _0 1 2000
a Финансовое право
463 _0 1 2000
a №3
v С. 25-29
1 2101
d 2018
1 001f7422449731e43cf913855f956dba012
606 a Основная рубрика Международное право. Право отдельных стран
610 0_ a Ключевые слова МЕЖДУНАРОДНОЕ НАЛОГОВОЕ ПРАВО
a Ключевые слова НАЛОГООБЛОЖЕНИЕ
a Ключевые слова ПРАВО ЕВРОПЕЙСКОГО СОЮЗА
a Ключевые слова ЕВРАЗИЙСКОЕ ЭКОНОМИЧЕСКОЕ СООБЩЕСТВО
700 _1 a Фамилия Пономарева
b Имя К.А.
801 _0 a Страна RU
b Организация РГУП
c Дата составления 20180904
g Правила каталогизации PSBO
801 _1 a Страна RU
b Организация РГУП
c Дата составления 20180904
g Правила каталогизации PSBO
901 t Тип документа b
w Контрольный № источника f7422449731e43cf913855f956dba012
905 a Дата ввода 20180904